Score 0/23 Timer 05:00
0 Plays Today
Country City % Correct
IrelandCork
93.4%
FranceLyon
70.3%
FinlandHelsinki
57.1%
HungaryBudapest
56%
PortugalPorto
52.7%
CroatiaSplit
45.1%
RomaniaBucharest
42.9%
SlovakiaBratislava
42.9%
Czech RepublicBrno
42.9%
SloveniaLjubljana
41.8%
SwedenGothenburg
40.7%
NorwayBergen
39.6%
Country City % Correct
SwitzerlandBasel
35.2%
AustriaInnsbruck
34.1%
BelgiumGhent
33%
United KingdomManchester
33%
ItalyGenoa
26.4%
DenmarkOdense
25.3%
SpainGranada
14.3%
NetherlandsMaastricht
13.2%
PolandTorun
12.1%
GreeceRhodes
6.6%
GermanyFreiburg
5.5%
Remove Ads.
Support Sporcle.
Get the best of Sporcle when you Go Orange. This ad-free experience offers more features, more stats, and more fun while also helping to support Sporcle. Thank you for becoming a member.

You're not logged in!

Compare scores with friends on all Sporcle quizzes.
OR
Log In

Show Comments

Extras

Top Quizzes Today


Score Distribution

Your Account Isn't Verified!

In order to create a playlist on Sporcle, you need to verify the email address you used during registration. Go to your Sporcle Settings to finish the process.

Report this User

Report this user for behavior that violates our Community Guidelines.

Details: